Catálogo
Digital

Catálogo
Digital

De la influencia bancaria a la crisis internacional (Record no. 11570)

MARC details
000 -CABECERA
campo de control de longitud fija 03505nam a2200385 4500
003 - IDENTIFICADOR DEL NÚMERO DE CONTROL
campo de control EC-UNACH
005 - FECHA Y HORA DE LA ÚLTIMA TRANSACCIÓN
campo de control 20230321151626.0
006 - CÓDIGOS DE INFORMACIÓN DE LONGITUD FIJA--CARACTERÍSTICAS DEL MATERIAL ADICIONAL
campo de control de longitud fija s||||gr|||| 00| 00
008 - DATOS DE LONGITUD FIJA--INFORMACIÓN GENERAL
campo de control de longitud fija 150116t9999 mx r gr 000 0 spa d
020 ## - NÚMERO INTERNACIONAL ESTÁNDAR DEL LIBRO
Número Internacional Estándar del Libro 978-9942-615-29-9
040 ## - FUENTE DE LA CATALOGACIÓN
Centro catalogador/agencia de origen EC-UNACH
Centro/agencia transcriptor EC-UNACH
041 ## - CÓDIGO DE LENGUA
Código de lengua del texto/banda sonora o título independiente spa
082 04 - NÚMERO DE LA CLASIFICACIÓN DECIMAL DEWEY
Número de edición 23
Número de clasificación 330
Número de documento/Ítem L015065
100 ## - ENTRADA PRINCIPAL--NOMBRE DE PERSONA
Nombre de persona Naranjo Navas, Cristian Paúl / Yerbabuena Torres, Carlos Fernando / Gonzalez Toapanta Hugo German / Peñaherrera Sanipatin, Paulina Elizabeth
245 ## - MENCIÓN DE TÍTULO
Título De la influencia bancaria a la crisis internacional
Resto del título Una revisión analítica de los eventos de las décadas de los veinte y treinta en Ecuador
250 ## - MENCIÓN DE EDICIÓN
Mención de edición Primera Edición
264 ## - Producción, publicación, distribución, fabricación y copyright
Lugar de producción, publicación, distribución, fabricación Riobamba
Nombre del de productor, editor, distribuidor, fabricante Universidad Nacional de Chimborazo
Fecha de de producción, publicación, distribución, fabricación o copyright 2023
264 ## - Producción, publicación, distribución, fabricación y copyright
Nombre del de productor, editor, distribuidor, fabricante Producción UNACH
300 ## - DESCRIPCIÓN FÍSICA
Extensión 130 páginas
Otras características físicas tablas, figuras
500 ## - NOTA GENERAL
Nota general La Belle Époque, construida alrededor de la prosperidad, la ciencia y el optimismo, se expande por Iberoamérica a través del creciente comercio internacional, la segunda ola de industrialización y, en el área política, la influencia del liberalismo clásico en todas sus expresiones, desde el conservadurismo hasta el secularismo. Los vínculos económicos se fortalecen a nivel internacional, aunque, internamente, la región enfrenta múltiples conflictos políticos y sociales.<br/><br/>A pesar del optimismo de La Época Bella, vista en el creciente intercambio comercial y cultural, América Latina intenta construirse en medio del conflicto político-armado, de la pugna de intereses económicos y del endeble estado de derecho. Las últimas décadas del siglo XIX se ven embadurnadas con sangre vertida de las guerras civiles entre conservadores y liberales (Colombia, Ecuador), caudillos militares (Antonio Guzmán Blanco en Venezuela), conquistas territoriales (Campaña del Desierto, Argentina), guerras entre naciones (Chile, Bolivia, Perú), etc.<br/><br/>Las primeras décadas del siglo XX siguen el mismo patrón, a decir: un repunte de las inversiones y el comercio externo. Estos años muestran un auge en las inversiones en sectores como la agricultura, extracción de petróleo, minerales industriales, servicios públicos, ferrocarriles y comercio. Por otro lado, los conflictos crecen aceleradamente, la región se ve ensimismada con la Revolución mexicana (1910-1920), Primera y Segunda Guerra Civil de Honduras (1919, 1924), Guerra de Coto (1921), Guerra Civil paraguaya (1922-1923), Guerra colombo-peruana (1932-1933), Guerra del Chaco (1932-1935), etc.
501 ## - NOTA DE "CON"
Nota de “Con” Incluye: índice, índice de tablas, índice de figuras.
505 ## - NOTA DE CONTENIDO CON FORMATO
Nota de contenido con formato CRISIS DEL LIBERALISMO PLUTOCRÁTICO E INICIOS DEL SOCIALISMO, 1916-1926.-- LA PLUTOCRACIA EN ECUADOR DURANTE LA SEGUNDA DÉCADA DEL SIGLO XX.-- ECUADOR Y LA CRISIS INTERNACIONAL. UNA REVISIÓN DE LAS POLÍTICAS ECONÓMICAS DE 1927 A 1937.-- LOS PROCESOS ELECTORALES EN LA PRIMERA ETAPA DEL CONSTITUCIONALISMO CONTEMPORÁNEO DEL ECUADOR (1931- 1940)
650 ## - PUNTO DE ACCESO ADICIONAL DE MATERIA--TÉRMINO DE MATERIA
Término de materia o nombre geográfico como elemento inicial Liberalismo plutocrático
650 ## - PUNTO DE ACCESO ADICIONAL DE MATERIA--TÉRMINO DE MATERIA
Término de materia o nombre geográfico como elemento inicial Crisis internacional
650 ## - PUNTO DE ACCESO ADICIONAL DE MATERIA--TÉRMINO DE MATERIA
Término de materia o nombre geográfico como elemento inicial Economía
856 ## - LOCALIZACIÓN Y ACCESO ELECTRÓNICOS
Identificador Uniforme del Recurso <a href="https://doi.org/10.37135/u.editorial.05.76">https://doi.org/10.37135/u.editorial.05.76</a>
Texto de enlace Libro digital De la influencia bancaria a la crisis internacional Una revisión analítica de los eventos de las décadas de los veinte y treinta en Ecuador
942 ## - ELEMENTOS DE PUNTO DE ACCESO ADICIONAL (KOHA)
Fuente del sistema de clasificación o colocación Clasificación Decimal Dewey
Tipo de ítem Koha Libros
999 ## - NÚMEROS DE CONTROL DE SISTEMA (KOHA)
Koha biblionumber 11570
Holdings
Estado de pérdida Fuente del sistema de clasificación o colocación Estado dañado No para préstamo Localización permanente Ubicación/localización actual Ubicación en estantería Fecha de adquisición Fuente de adquisición Total de préstamos Signatura topográfica completa Código de barras Fecha visto por última vez Precio válido a partir de Tipo de ítem Koha Estado de retiro Centro de costos
  Clasificación Decimal Dewey     Biblioteca Campus Norte Biblioteca Campus Norte Economía 21/03/2023 Producción Científica UNACH   330 NAR L015065 L015065 21/03/2023 21/03/2023 Libro electrónico    

Powered by Koha